La Valoración económica de la biodiversidad /

Сохранить в:
Библиографические подробности
Главный автор: Romero, Antonio
Формат: Текст
Предметы:
Метки: Добавить метку
Нет меток, Требуется 1-ая метка записи!

MARC

LEADER 00000 a a2200000 04500
001 18227
003
040
100 |a Romero, Antonio  
245 |a La Valoración económica de la biodiversidad /  |c Antonio Romero 
650 |a RECURSOS NATURALES  
650 |a MEDIO AMBIENTE  
650 |a MERCADO  
650 |a ASPECTOS ECONOMICOS  
773 |g número 70; páginas 97-107  
999 |c 23023  |d 23023